| 000 | 00509nam a2200205 a 4500 | ||
|---|---|---|---|
| 005 | 20140414093840.0 | ||
| 008 | 071003s19uu xx 00 eng d | ||
| 050 |
_aVCD 790 _bWEB |
||
| 100 | _aWebber, Andrew Lloyd | ||
| 245 |
_aThe phantom of the opera / _cAndrew Lloyd Webber. |
||
| 260 |
_aSl : _bWarner Brothers. |
||
| 300 | _a2 videodisks | ||
| 650 | _aDrama. | ||
| 650 | _aRomance. | ||
| 650 | _aMusical. | ||
| 650 | _aFilm. | ||
| 650 | _aFilm adaptation. | ||
| 942 | _cAVM | ||
| 999 |
_c109244 _d109244 |
||